[Event "Cascais Honor"]
[Site "Cascais"]
[Date "2018.08.17"]
[Round "8"]
[White "Horta, Antonio Jose Simoes"]
[Black "Santos, Jose Guilherme B Li"]
[Result "0-1"]
[WhiteElo "1912"]
[BlackElo "2062"]
[PlyCount "68"]
[EventDate "2018.08.11"]
[EventType "tourn"]
[EventRounds "9"]
[EventCountry "POR"]
[SourceTitle "CBM 186 Extra"]
[Source "ChessBase"]
[SourceDate "2018.08.24"]
[SourceVersion "1"]
[SourceVersionDate "2018.08.24"]
[SourceQuality "1"]

1. c4 e5 2. g3 Nc6 3. Bg2 Nf6 4. Nc3 Bc5 5. Nf3 d6 6. 0-0 0-0 7. d3 h6 8. Na4 Bb6 9. Nxb6 axb6 10. b3 Re8 11. Bb2 Bf5 12. d4 e4 13. Ne1 Qd7 14. Nc2 Bh3 15. Ne3 Bxg2 16. Kxg2 d5 17. Qd2 Ne7 18. h3 Nh5 19. Ng4 Qe6 20. f4 dxc4 21. f5 Nxf5 22. Rxf5 Qxf5 23. Rf1 Qg6 24. Qc3 Rxa2 25. d5 f5 26. Nxh6+ Qxh6 27. Rxf5 Nf6 28. h4 e3 29. Rg5 Re7 30. d6 cxd6 31. Qxc4+ d5 32. Rxd5 Nxd5 33. Qc8+ Kf7 34. Qf5+ Nf6 0-1

[Event "Lisbon Portugal op"]
[Site "Lisbon"]
[Date "2018.02.03"]
[Round "1"]
[White "Horta, Antonio Jose Simoes"]
[Black "Nagy, Gabor"]
[Result "0-1"]
[WhiteElo "1906"]
[BlackElo "2469"]
[PlyCount "40"]
[EventDate "2018.02.03"]
[EventType "swiss"]
[EventRounds "9"]
[EventCountry "POR"]
[SourceTitle "CBM 182 Extra"]
[Source "ChessBase"]
[SourceDate "2018.02.23"]
[SourceVersion "1"]
[SourceVersionDate "2018.02.23"]
[SourceQuality "1"]

1. Nf3 c5 2. c4 Nc6 3. Nc3 e5 4. d3 g6 5. g3 Bg7 6. Bg2 Nge7 7. 0-0 d6 8. Bd2 0-0 9. Rb1 h6 10. a3 a5 11. Ne1 Be6 12. Nc2 d5 13. cxd5 Nxd5 14. Ne3 Nde7 15. Qa4 Nd4 16. Nc4 Rb8 17. Qxa5 b6 18. Qa6 b5 19. Na5 Qc7 20. Ne4 Rb6 0-1

[Event "Lisbon Cup 26th"]
[Site "Lisbon"]
[Date "2015.02.08"]
[Round "2"]
[White "Horta, Antonio Jose Simoes"]
[Black "Guerreiro, Nuno M"]
[Result "0-1"]
[WhiteElo "1962"]
[BlackElo "2066"]
[PlyCount "94"]
[EventDate "2015.01.18"]
[EventType "swiss"]
[EventRounds "7"]
[EventCountry "POR"]
[SourceTitle "EXT 2017"]
[Source "ChessBase"]
[SourceDate "2016.10.25"]
[SourceVersion "1"]
[SourceVersionDate "2016.10.25"]
[SourceQuality "1"]

1. d4 d5 2. Nf3 Nc6 3. g3 Bf5 4. Bg2 e6 5. 0-0 Nb4 6. c3 Nc2 7. Nh4 Nxa1 8. Nxf5 exf5 9. c4 Nf6 10. Bg5 Be7 11. Nc3 0-0 12. Qxa1 dxc4 13. Rd1 c6 14. Qb1 Nd5 15. Bxe7 Nxe7 16. e4 fxe4 17. Qxe4 Re8 18. Qe2 Nd5 19. Qxc4 Nxc3 20. bxc3 Rc8 21. Qd3 Qa5 22. Qd2 Rc7 23. h4 Rce7 24. Bf3 Qa6 25. h5 h6 26. Kg2 Qc4 27. Qc2 a5 28. d5 cxd5 29. Bxd5 Qe2 30. Qxe2 Rxe2 31. Bxb7 Rxa2 32. Bc6 Ree2 33. Rd8+ Kh7 34. Bb5 Rxf2+ 35. Kg1 Rg2+ 36. Kf1 Rxg3 37. Bd3+ Rxd3 38. Rxd3 a4 39. c4 Rc2 40. Rf3 Rxc4 41. Rxf7 Rc5 42. Ra7 Rxh5 43. Rxa4 Rh2 44. Ra6 Rb2 45. Rc6 Ra2 46. Rb6 h5 47. Kg1 g6 0-1